书目信息 |
| 题名: |
大学工程训练教程
|
|
| 作者: | 商利容 , 汤胜常 主编 | |
| 分册: | ||
| 出版信息: | 上海 华东理工大学出版社 2016.07 |
|
| 页数: | 315页 | |
| 开本: | 26cm | |
| 丛书名: | ||
| 单 册: | ||
| 中图分类: | T-0 | |
| 科图分类: | ||
| 主题词: | 工业技术--高等学校--教材 | |
| 电子资源: | ||
| ISBN: | 978-7-5628-4653-6 | |
| 000 | 01019nam0 2200289 450 | |
| 001 | 0120161957165 | |
| 005 | 20170327100219.89 | |
| 010 | @a978-7-5628-4653-6@dCNY45.00 | |
| 100 | @a20160801d2016 em y0chiy50 ea | |
| 101 | 0 | @achi |
| 102 | @aCN@b310000 | |
| 105 | @aak z 000yy | |
| 106 | @ar | |
| 200 | 1 | @a大学工程训练教程@9da xue gong cheng xun lian jiao cheng@f商利容,汤胜常主编 |
| 205 | @a3版 | |
| 210 | @a上海@c华东理工大学出版社@d2016.07 | |
| 215 | @a315页@c图@d26cm | |
| 300 | @a“十五”国家重点图书 | |
| 304 | @a附二维码扫描学习资料 | |
| 330 | @a本书共十二章,主要内容有管道工程、系统仿真、电子技术、工程材料和钢的热处理、焊接、钳工、铸工、车工、铣工、磨工和数控加工等。主要包括:基本知识、管道加工、塑料管与管件、基本概念、化工仿真、连续反应等。 | |
| 333 | @a高校师生 | |
| 606 | 0 | @a工业技术@x高等学校@j教材 |
| 690 | @aT-0@v5 | |
| 701 | 0 | @a商利容@9shang li rong@4主编 |
| 701 | 0 | @a汤胜常@9tang sheng chang@4主编 |
| 801 | 0 | @aCN@b人天书店@c20160801 |
| 905 | @b982607-10@dT-0@e105=3@f4 | |
| 大学工程训练教程/商利容,汤胜常主编.-3版.-上海:华东理工大学出版社,2016.07 |
| 315页:图;26cm |
| “十五”国家重点图书.-使用对象:高校师生 |
| ISBN 978-7-5628-4653-6:CNY45.00 |
| 本书共十二章,主要内容有管道工程、系统仿真、电子技术、工程材料和钢的热处理、焊接、钳工、铸工、车工、铣工、磨工和数控加工等。主要包括:基本知识、管道加工、塑料管与管件、基本概念、化工仿真、连续反应等。 |
| ● |
| 相关链接 |
|
|
|
|
正题名:大学工程训练教程
索取号:T-0/105=3
 
预约/预借
| 序号 | 登录号 | 条形码 | 馆藏地/架位号 | 状态 | 备注 |
| 1 | 982607 | 209826072 | 第二样本阅览室/ [索取号:T-0/105=3] | 在馆 | |
| 2 | 982608 | 209826081 | 第三借阅区/ [索取号:T-0/105=3] | 在馆 | |
| 3 | 982609 | 209826090 | 第三借阅区/ [索取号:T-0/105=3] | 在馆 | |
| 4 | 982610 | 209826107 | 密集书库-物理学院/ [索取号:T-0/105=3] | 在馆 |